Quiero entender el cálculo: un enfoque diferente basado en conceptos y aplicaciones
Na minha lista:
| Autor principal: | |
|---|---|
| Formato: | Livro |
| Idioma: | espanhol |
| Publicado em: |
Ciudad de México
Iberoamérica
1994
|
| Assuntos: | |
| Tags: |
Adicionar Tag
Sem tags, seja o primeiro a adicionar uma tag!
|
MARC
| LEADER | 00000nam a2200000 a 4500 | ||
|---|---|---|---|
| 001 | UCU4332 | ||
| 003 | CL-VaPUC | ||
| 008 | 960517e19940000MX |||||||||||||||||spa|d | ||
| 082 | 0 | 4 | |a 515 |b MOC |2 21 |
| 100 | |a Mochón, Simón |e autor |9 361866 | ||
| 245 | 1 | 0 | |a Quiero entender el cálculo: un enfoque diferente basado en conceptos y aplicaciones |
| 300 | |a 368 p | ||
| 942 | |c BK | ||
| 945 | |d 19960517 00:00:00 |a mcarcey | ||
| 260 | |a Ciudad de México |b Iberoamérica |c 1994 | ||
| 650 | 0 | |a Cálculo |9 260234 | |
| 650 | 0 | |a Integrales |9 260233 | |
| 650 | 0 | |a Derivadas |9 354237 | |
| 650 | 0 | |a Cálculo diferencial |9 260102 | |
| 583 | |a last modification |c 19960517 00:00:00 |k Rodrigo Vera | ||
| 999 | |c 248077 |d 248075 | ||
| 952 | |0 0 |1 0 |4 0 |6 515_000000000000000_MOC_1994 |7 0 |8 A |9 264456 |a BIBING |b BIBING |d 2019-11-19 |i 3202186 |l 1 |o 515 MOC 1994 |p 3202186 |r 2025-01-20 |s 2023-04-18 |w 2019-11-19 |y BK |k CCL | ||
| 952 | |0 0 |1 0 |4 0 |6 515_000000000000000_MOC_1994 |7 0 |8 A |9 264457 |a BIBING |b BIBING |d 2019-11-19 |i 3202224 |o 515 MOC 1994 |p 3202224 |r 2025-01-20 |w 2019-11-19 |y BK |k EIQ | ||